01729nam a2200445 a 4500001001000000003000900010005001700019008004100036020001500077040002500092082001800117245013600135260004200271300002800313490002200341490001800363500002200381504003100403650004500434650006200479650005100541700003600592700002900628700003900657700002800696700002700724700002500751700003100776700002700807700002700834700002700861700002500888700004600913830003000959830002500989942001401014952011601028952012201144999001701266000011061DO-SdBNP20251029141617.0930111s1992 ve ad 001 0 spa d a9802594709 aDO-SdBNPbspacBNPHU a609.87bC569v03aLa Ciencia en Venezuela :bpasado, presente y futuro /cHumberto Ruiz Calderón ... [et al.]. ; prólogo José Luis Avila Bello. aCaracas, Venezuela :bLagoven,c1992. a162 p. :bil. ;c22 cm.1 aCuadernos Lagoven1 aMedio milenio aIncluye índices aBibliográfia: p. 145-154 4aCiencia y tecnologíazVenezuela926540 4aDesarrollo científico y tecnológicozVenezuela926541 4aInvestigación científicazVenezuela9265421 aRuiz Calderon, Humberto.9265431 aVessuri, Hebe M.C9265441 aDi Prisco, María Cristina9265451 aFreites, Yajaira9265461 aTexera, Yolanda9265471 aRoche, Marcel9265481 aAvila Bello, José9265491 aConvit, Jacinto9265501 aAvalos, Ignacio9265511 aJaffé, Walter9265521 aUrbina, Julio9265531 aAvila Bello, José Luis,epról.926554 0aCuadernos Lagoven.926555 0aMedio Milenio920727 2ddccLBS1 001050718MOaGRbGRcHDd2009-10-13iLF1l0o609.87 C569vp11061-10r2020-06-25w2020-06-25y1ZNo se presta 001150718MOaGRbGRcMId2017-06-06iLF1l0o609.87 C569vp11061-20r2020-06-25te. 2w2020-06-25y1ZNo se presta c10787d10787